Diseño de un sistema de supresión de incendios para la planta de Hi-C en Coronado
Сохранить в:
| Главный автор: | |
|---|---|
| Другие авторы: | |
| Формат: | |
| Опубликовано: |
[San José, Costa Rica]
2011
|
| Предметы: | |
| Метки: |
Добавить метку
Нет меток, Требуется 1-ая метка записи!
|
MARC
| LEADER | 00000nam a2200000Ia 4500 | ||
|---|---|---|---|
| 003 | 010590 | ||
| 005 | 20221231144025.0 | ||
| 008 | 140114s2011 cr a 000 | s d | ||
| 040 | |c cru CEDI | ||
| 090 | |a TFG 6422 | ||
| 100 | |a Baldares Phillips, Roberto |9 2390 | ||
| 245 | |a Diseño de un sistema de supresión de incendios para la planta de Hi-C en Coronado | ||
| 260 | |c 2011 |b [San José, Costa Rica] | ||
| 500 | |a Tesis (licenciatura en ingeniería mecánica)--Universidad de Costa Rica. Facultad de Ingeniería. Escuela de Ingeniería Mecánica | ||
| 650 | |x ASPERSORES PARA INCENDIOS |x SISTEMAS DE TUBERIAS DE AGUA |x DISEÑO |x HI-C (COSTA RICA) |x INDUSTRIA DE BEBIDAS |x SUMINISTRO DE AGUA |x EQUIPO Y ACCESORIOS |x INCENDIOS |x MEDIDAS DE SEGURIDAD |9 2392 | ||
| 700 | |9 2391 |a Coto Jiménez, Jorge | ||
| 942 | |c TFG | ||
| 999 | |c 15767 |d 15767 | ||
